000 00367nam a2200133Ia 4500
005 20260328104258.0
008 260328s9999||||xx |||||||||||||| ||und||
100 _aCarrascal, Fernando
245 0 _aComplejo Institucional Bermejales Sevilla /
_cFernando Carrascal
260 _bJunta de AndalucĂ­a
300 _a130 p.
650 _aFernando Carrascal
942 _cBK
999 _c10520
_d10520